00433nam a2200133Ia 4500008004100000024004600041082001700087100005700104245003600161260002600197600002100223650003800244999001700282260210s9999 xx 000 0 und d a10B-100-BS, 10B-92-BS & 10B-75-BS a615.5320 SAL aSalman Yousuf, Mian Haroon Shahzad & Zeeshan Ali 0aHomeopathy Remedy Expert System aKarachi:bUITU,c2010 aComputer Science aBachelor of Computer Science (BS) c32131d32131